|
|
|
|
| LEADER |
01837nam a2200457 i 4500 |
| 001 |
EBC700084 |
| 003 |
MiAaPQ |
| 005 |
20200520144314.0 |
| 006 |
m o d | |
| 007 |
cr cnu|||||||| |
| 008 |
140903t20062006caua ob 001 0 eng d |
| 020 |
|
|
|z 9780471754862
|
| 020 |
|
|
|a 9781119031123
|q (electronic bk.)
|
| 035 |
|
|
|a (MiAaPQ)EBC700084
|
| 035 |
|
|
|a (Au-PeEL)EBL700084
|
| 035 |
|
|
|a (CaPaEBR)ebr10915569
|
| 035 |
|
|
|a (CaONFJC)MIL639100
|
| 035 |
|
|
|a (OCoLC)889674265
|
| 040 |
|
|
|a MiAaPQ
|b eng
|e rda
|e pn
|c MiAaPQ
|d MiAaPQ
|
| 050 |
|
4 |
|a TS176
|b .S322 2006
|
| 082 |
0 |
|
|a 658.5
|2 22
|
| 100 |
1 |
|
|a Santos, Javier,
|e author.
|
| 245 |
1 |
0 |
|a Improving production with lean thinking /
|c Javier Santos, Richard Wysk, Jose Manuel Torres.
|
| 264 |
|
1 |
|a Hoboken, New Jersey :
|b Wiley,
|c 2006.
|
| 264 |
|
4 |
|c 2006
|
| 300 |
|
|
|a 1 online resource (264 pages) :
|b illustrations
|
| 336 |
|
|
|a text
|2 rdacontent
|
| 337 |
|
|
|a computer
|2 rdamedia
|
| 338 |
|
|
|a online resource
|2 rdacarrier
|
| 504 |
|
|
|a Includes bibliographical references at the end of each chapters and index.
|
| 588 |
|
|
|a Description based on print version record.
|
| 590 |
|
|
|a Electronic reproduction. Ann Arbor, MI : ProQuest, 2015. Available via World Wide Web. Access may be limited to ProQuest affiliated libraries.
|
| 650 |
|
0 |
|a Production engineering.
|
| 650 |
|
0 |
|a Manufacturing processes.
|
| 650 |
|
0 |
|a Lean manufacturing.
|
| 655 |
|
4 |
|a Electronic books.
|
| 700 |
1 |
|
|a Wysk, Richard A.,
|d 1948-
|e author.
|
| 700 |
1 |
|
|a Torres, Jose Manuel,
|e author.
|
| 776 |
0 |
8 |
|i Print version:
|a Santos, Javier.
|t Improving production with lean thinking.
|d Hoboken, New Jersey : Wiley, c2006
|h xiii, 247 pages
|z 9780471754862
|w 2005019103
|
| 797 |
2 |
|
|a ProQuest (Firm)
|
| 856 |
4 |
0 |
|u https://ebookcentral.proquest.com/lib/matrademy/detail.action?docID=700084
|z Click to View
|